The Oxford 3000 - Letter K - Translate from Polish to English - Statystyki

Ogólne statystyki
  • Ten quiz został rozwiązany 25 razy
  • Średni wynik to 16 z 17
Statystyki odpowiedzi
Polish Angielski % Poprawnych
klucz; klawisz; kluczowy; umocowywać key
100%
klawiatura keyboard
100%
dzieciak; dziecko kid
100%
rodzaj; gatunek; uprzejmy; życzliwy; dobry kind
100%
król king
100%
pocałunek; buziak; całować kiss
100%
kuchnia kitchen
100%
nóż knife
100%
pukać; stukać; pukanie; stukanie knock
100%
wiedzieć; znać know
100%
zabić; zgładzić kill
94%
zabijanie; uśmiercanie killing
94%
kilometr kilometer
94%
kolano knee
94%
wiedza; znajomość knowledge
94%
trzymać; utrzymać; zachować keep
88%
kopnięcie; kop; kopniak; kopać kick
88%
Nie znaleziono quizów pasujących do podanych kryteriów
Rozkład punktacji
Procent ludzi z każdym wynikiem
Percentyl według liczby udzielonych odpowiedzi
Twoja historia wyników
Nie rozwiązałeś tego quizu